Kol he-ḥalav veha-devash; (Record no. 31894)
[ view plain ]
| 000 -LEADER | |
|---|---|
| fixed length control field | 00594cam a22002051 4500 |
| 001 - CONTROL NUMBER | |
| control field | he 66001396 |
| 003 - CONTROL NUMBER IDENTIFIER | |
| control field | DLC |
| 005 - DATE AND TIME OF LATEST TRANSACTION | |
| control field | 20260227111440.0 |
| 008 - FIXED-LENGTH DATA ELEMENTS--GENERAL INFORMATION | |
| fixed length control field | 870514s1966 is 000 0 heb |
| 010 ## - LIBRARY OF CONGRESS CONTROL NUMBER | |
| LC control number | he 66001396 |
| 035 ## - SYSTEM CONTROL NUMBER | |
| System control number | (OCoLC)15686502 |
| 040 ## - CATALOGING SOURCE | |
| Original cataloging agency | DLC |
| Transcribing agency | TxU |
| Modifying agency | TxU |
| -- | DLC |
| 050 00 - LIBRARY OF CONGRESS CALL NUMBER | |
| Classification number | PJ5054.S18 |
| Item number | K6 |
| 100 1# - MAIN ENTRY--PERSONAL NAME | |
| Personal name | Zach, Nathan, |
| Dates associated with a name | 1930- |
| 245 10 - TITLE STATEMENT | |
| Title | Kol he-ḥalav veha-devash; |
| Remainder of title | shirim |
| Statement of responsibility, etc. | [me-et] Natan Zakh. |
| 260 ## - PUBLICATION, DISTRIBUTION, ETC. | |
| Place of publication, distribution, etc. | [Tel-Aviv] |
| Name of publisher, distributor, etc. | ʻAm ʻOved |
| Date of publication, distribution, etc. | [1966] |
| 300 ## - PHYSICAL DESCRIPTION | |
| Extent | 95 p. |
| Dimensions | 24 cm. |
| 500 ## - GENERAL NOTE | |
| General note | Added t. p.: All the milk and the honey; a book of poems. |
| 500 ## - GENERAL NOTE | |
| General note | Vocalized. |
No items available.